[Event "77th ch-city"]
[Site "St Petersburg RUS"]
[Date "2004.04.01"]
[Round "1"]
[White "Ionov,S"]
[Black "Yevseev,D"]
[Result "1/2-1/2"]
[WhiteElo "2538"]
[BlackElo "2580"]
[EventDate "2004.04.01"]

1. d4 d5 2. c4 c6 3. Nf3 Nf6 4. Nc3 e6 5. Bg5 h6 6. Bxf6 Qxf6 7. e3 Nd7 8.
Bd3 dxc4 9. Bxc4 g6 10. O-O Qe7 11. Rb1 Bg7 12. b4 O-O 13. Qc2 Kh8 14. Rfd1
e5 15. Be2 exd4 16. Nxd4 Nf6 17. h3 Bd7 18. Bf3 Rad8 19. Qb3 Bc8 20. Qa3 a6
21. Qa5 Nh7 22. Qc5 Qxc5 23. bxc5 Ng5 24. Ne4 Nxe4 25. Bxe4 f5 26. Bf3 f4
27. Bg4 fxe3 28. fxe3 Bxg4 29. hxg4 Rfe8 30. Kf2 Rd5 31. Rxb7 Rxc5 32. Nf3
Rb5 1/2-1/2

[Event "77th ch-city"]
[Site "St Petersburg RUS"]
[Date "2004.04.01"]
[Round "1"]
[White "Feofanov,D"]
[Black "Popov,Val"]
[Result "0-1"]
[WhiteElo "2281"]
[BlackElo "2580"]
[EventDate "2004.04.01"]

1. f4 d5 2. Nf3 Bg4 3. e3 Nd7 4. Be2 Ngf6 5. d4 e6 6. Nbd2 Bf5 7. O-O c5 8.
Ne5 h5 9. c3 a6 10. Ndf3 Nxe5 11. Nxe5 Be7 12. Bd2 g6 13. Rc1 O-O 14. Be1
Ne4 15. h3 h4 16. Kh2 Rc8 17. b4 cxd4 18. cxd4 Rxc1 19. Qxc1 Qc8 20. Qb2
Qc7 21. b5 axb5 22. Bxb5 Rc8 23. Nf3 g5 24. Kg1 gxf4 25. exf4 Ng3 26. Bxg3
hxg3 27. Ne5 Qc2 28. Qxc2 Rxc2 29. Rf3 Bh4 30. Ra3 Kf8 31. Bf1 Rf2 32. Rb3
Rxf4 33. Rxb7 Rxd4 34. Rxf7+ Kg8 35. Nf3 Ra4 36. Rb7 Bf6 37. Rb3 Rxa2 38.
h4 Ra1 39. Ng5 Bd4+ 0-1

[Event "77th ch-city"]
[Site "St Petersburg RUS"]
[Date "2004.04.01"]
[Round "1"]
[White "Klimov,S"]
[Black "Solovjov,S"]
[Result "0-1"]
[WhiteElo "2520"]
[BlackElo "2426"]
[EventDate "2004.04.01"]

1. d4 d5 2. c4 c6 3. Nf3 e6 4. e3 Nf6 5. Bd3 dxc4 6. Bxc4 b5 7. Bd3 Bb7 8.
O-O Nbd7 9. e4 a6 10. a4 Be7 11. Bg5 h6 12. Bh4 O-O 13. axb5 axb5 14. Rxa8
Qxa8 15. Qe2 Rd8 16. Rc1 c5 17. d5 c4 18. Bc2 Nc5 19. Rd1 b4 20. dxe6 Rxd1+
21. Bxd1 Nxe6 22. e5 Nd5 23. Bxe7 Nxe7 24. Qxc4 Qa1 25. Qc1 Ng6 26. Nfd2
Ngf4 27. Nb3 Qa8 28. Qd2 Bxg2 29. h4 Be4 0-1

[Event "77th ch-city"]
[Site "St Petersburg RUS"]
[Date "2004.04.02"]
[Round "2"]
[White "Loginov,Va"]
[Black "Feofanov,D"]
[Result "1-0"]
[WhiteElo "2516"]
[BlackElo "2281"]
[EventDate "2004.04.01"]

1. Nf3 d6 2. d4 Nf6 3. c4 c6 4. Nc3 Bf5 5. Nh4 Bd7 6. e4 e5 7. Nf3 Bg4 8.
dxe5 Bxf3 9. gxf3 dxe5 10. Qxd8+ Kxd8 11. Bg5 Kc7 12. O-O-O Nbd7 13. Bh3
Nb6 14. f4 h6 15. Bxf6 gxf6 16. fxe5 fxe5 17. Rd3 Be7 18. Kc2 Rad8 19. Rhd1
Rxd3 20. Rxd3 Rd8 21. b3 Bg5 22. c5 Nd7 23. Bxd7 Rxd7 24. Rxd7+ Kxd7 25.
Kd3 Ke6 26. b4 Be7 27. Na4 Kf6 28. Ke3 Kg5 29. Kf3 Kh4 30. Nb2 Bg5 31. Nc4
f6 32. Kg2 Bc1 33. a4 a6 34. f3 h5 35. Nd6 Ba3 36. b5 axb5 37. axb5 cxb5
38. Nxb7 Bxc5 39. Nxc5 b4 40. h3 f5 41. f4 fxe4 42. fxe5 Kg5 43. Kf2 Kf5
44. e6 b3 45. e7 b2 46. e8=Q b1=Q 47. Qe6+ Kg5 48. Nxe4+ Kf4 49. Qf6+ 1-0

[Event "77th ch-city"]
[Site "St Petersburg RUS"]
[Date "2004.04.02"]
[Round "2"]
[White "Yevseev,D"]
[Black "Matlakov,M"]
[Result "0-1"]
[WhiteElo "2580"]
[BlackElo "2346"]
[EventDate "2004.04.01"]

1. d4 d5 2. c4 c6 3. Nc3 e6 4. e4 Bb4 5. Bd2 dxe4 6. Nxe4 Bxd2+ 7. Qxd2 Nf6
8. Nxf6+ Qxf6 9. Nf3 O-O 10. O-O-O Nd7 11. Qe3 b6 12. Bd3 Bb7 13. Ng5 g6
14. Ne4 Qe7 15. c5 Rad8 16. Nd6 Ba8 17. Bc4 Nf6 18. Qg5 Kg7 19. h4 Ng8 20.
Qe3 h6 21. f4 Rd7 22. g4 Nf6 23. g5 Ng4 24. Qg3 h5 25. Be2 Rxd6 26. cxd6
Qxd6 27. Bxg4 hxg4 28. h5 c5 29. d5 Bxd5 30. hxg6 fxg6 31. Qc3+ Kf7 32.
Qf6+ Ke8 33. Qxg6+ Kd7 34. Qg7+ Kc6 35. Rxd5 Qxd5 36. Rd1 Qc4+ 37. Kb1 Qe4+
38. Kc1 Qxf4+ 39. Kb1 Qe4+ 40. Kc1 Qf4+ 41. Kb1 Qf5+ 42. Kc1 Qf7 43. Qxf7
Rxf7 44. Rg1 Kd5 45. Rxg4 Ke5 46. Kd2 Kf5 47. Rg1 Rg7 48. Rf1+ Kxg5 49. Ke3
Kg6 50. a4 Rf7 51. Rb1 Kf6 52. b4 Rc7 53. a5 b5 54. a6 Ke7 55. Kd3 Kd6 56.
Kc3 Rc6 57. Rd1+ Kc7 58. bxc5 Rxc5+ 59. Kb4 Kb6 60. Rd8 Rc4+ 61. Kb3 Rc6
0-1

[Event "77th ch-city"]
[Site "St Petersburg RUS"]
[Date "2004.04.03"]
[Round "3"]
[White "Klimov,S"]
[Black "Popov,Val"]
[Result "1/2-1/2"]
[WhiteElo "2520"]
[BlackElo "2580"]
[EventDate "2004.04.01"]

1. d4 d5 2. c4 c6 3. Nc3 Nf6 4. e3 a6 5. Nf3 e6 6. b3 Bb4 7. Bd2 Bd6 8. Bd3
c5 9. O-O O-O 10. Qc2 Nc6 11. a3 h6 1/2-1/2

[Event "77th ch-city"]
[Site "St Petersburg RUS"]
[Date "2004.04.03"]
[Round "3"]
[White "Matlakov,M"]
[Black "Lugovoi,A"]
[Result "1/2-1/2"]
[WhiteElo "2346"]
[BlackElo "2554"]
[EventDate "2004.04.01"]

1. e4 d6 2. d4 Nf6 3. Nc3 g6 4. Nf3 Bg7 5. Be2 O-O 6. O-O Bg4 7. Bg5 Nc6 8.
Qd2 Nd7 9. Nd5 f6 10. Be3 e6 11. Nf4 e5 12. Bc4+ Kh8 13. Ne6 Bxe6 14. Bxe6
Qe8 15. Bb3 exd4 16. Nxd4 Nxd4 17. Bxd4 Qxe4 18. Rfe1 Qc6 19. Re7 Rae8 20.
Rae1 Rxe7 21. Rxe7 Nc5 22. Bxc5 Qxc5 23. Qe2 d5 1/2-1/2

[Event "77th ch-city"]
[Site "St Petersburg RUS"]
[Date "2004.04.03"]
[Round "3"]
[White "Feofanov,D"]
[Black "Yevseev,D"]
[Result "0-1"]
[WhiteElo "2281"]
[BlackElo "2580"]
[EventDate "2004.04.01"]

1. f4 d5 2. Nf3 g6 3. g3 Bg7 4. Bg2 c6 5. c3 Nh6 6. d3 O-O 7. e4 dxe4 8.
dxe4 Qxd1+ 9. Kxd1 e5 10. Nxe5 Bxe5 11. fxe5 Ng4 12. Kc2 Be6 13. Bf4 Nd7
14. Nd2 Ngxe5 15. Rhf1 Rfe8 16. Nf3 Bc4 17. Nxe5 Bxf1 18. Nxd7 Bxg2 19.
Nf6+ Kh8 20. Nxe8 Bxe4+ 21. Kd2 Rxe8 22. Be3 b6 23. b4 Kg7 24. a4 Rd8+ 25.
Bd4+ Kh6 26. Ke3 f5 27. a5 Kg5 28. axb6 axb6 29. Ra6 Kg4 30. Rxb6 Re8 31.
c4 Bf3+ 32. Kd3 Kh3 33. Rb7 Kxh2 34. Rxh7+ Kxg3 35. Rg7 Re6 36. b5 cxb5 37.
cxb5 Be2+ 0-1

[Event "77th ch-city"]
[Site "St Petersburg RUS"]
[Date "2004.04.03"]
[Round "3"]
[White "Yemelin,V"]
[Black "Loginov,Va"]
[Result "1/2-1/2"]
[WhiteElo "2578"]
[BlackElo "2516"]
[EventDate "2004.04.01"]

1. e4 c5 2. Nf3 d6 3. d4 cxd4 4. Nxd4 Nf6 5. Nc3 a6 6. Bg5 e6 7. f4 Qb6 8.
Qd2 Nc6 9. O-O-O Bd7 10. Nb3 Rc8 11. Be2 Be7 12. Bxf6 gxf6 13. Kb1 h5 14.
Rhf1 Kd8 15. Rf3 Kc7 16. Rh3 h4 17. Qe1 Kb8 18. Rxh4 Rxh4 19. Qxh4 f5 20.
Qg3 fxe4 21. Nxe4 Nb4 22. c3 Nd5 23. f5 exf5 24. Rxd5 fxe4 25. Rd1 Ba4 26.
Rd4 Bxb3 27. axb3 f5 28. Bc4 Ka7 29. Qg7 Rc7 30. Qg6 1/2-1/2

[Event "77th ch-city"]
[Site "St Petersburg RUS"]
[Date "2004.04.03"]
[Round "3"]
[White "Solovjov,S"]
[Black "Chepukaitis,G"]
[Result "1-0"]
[WhiteElo "2426"]
[BlackElo "2413"]
[EventDate "2004.04.01"]

1. e4 e6 2. d4 d5 3. Nc3 Nc6 4. Nf3 Bb4 5. e5 f6 6. Bb5 Bd7 7. O-O a6 8.
Bxc6 bxc6 9. Re1 Ne7 10. Bd2 Ng6 11. Na4 Be7 12. exf6 gxf6 13. Bh6 Kf7 14.
h4 Bd6 15. g3 Rb8 16. a3 Qg8 17. b4 Ne7 18. Nc5 Bc8 19. Kh2 Nf5 20. Bf4 h5
21. Qe2 Ke7 22. c4 Bxf4 23. gxf4 Nh6 24. Rg1 Ng4+ 25. Kh1 Qh7 26. Nh2 Kf7
27. f3 Nh6 28. Rae1 Re8 29. Nf1 Qf5 30. Qh2 Re7 31. Ne3 Qh7 32. Qg3 a5 33.
f5 axb4 34. cxd5 cxd5 35. fxe6+ Bxe6 36. Nxe6 Kxe6 37. Ng4+ 1-0

[Event "77th ch-city"]
[Site "St Petersburg RUS"]
[Date "2004.04.04"]
[Round "4"]
[White "Ionov,S"]
[Black "Matlakov,M"]
[Result "1/2-1/2"]
[WhiteElo "2538"]
[BlackElo "2346"]
[EventDate "2004.04.01"]

1. d4 d5 2. c4 c6 3. Nf3 e6 4. e3 Nf6 5. Bd3 Nbd7 6. O-O Bd6 7. Nbd2 O-O 8.
e4 dxe4 9. Nxe4 Nxe4 10. Bxe4 h6 11. Bc2 e5 12. c5 Bc7 13. Qd3 f5 14. Qc4+
Kh8 15. Nxe5 Nxe5 16. dxe5 Bxe5 17. Bf4 Be6 18. Qxe6 Bxf4 19. Rad1 Qe8 20.
Rfe1 Qxe6 21. Rxe6 Rad8 22. Rxd8 Rxd8 23. g3 Bc1 24. Bxf5 Bxb2 25. Re7 Bd4
26. Rxb7 Bxc5 27. Be4 Rf8 28. Rb2 Bd4 29. Rd2 c5 30. Kg2 Rb8 31. h4 1/2-1/2

[Event "77th ch-city"]
[Site "St Petersburg RUS"]
[Date "2004.04.05"]
[Round "5"]
[White "Chepukaitis,G"]
[Black "Popov,Val"]
[Result "0-1"]
[WhiteElo "2413"]
[BlackElo "2580"]
[EventDate "2004.04.01"]

1. d4 d5 2. Nf3 c6 3. Bf4 Nf6 4. Nbd2 Nh5 5. Bg3 Qb6 6. Qc1 g6 7. e3 Nd7 8.
c4 Bg7 9. cxd5 Nxg3 10. hxg3 cxd5 11. Qc3 O-O 12. Rc1 Re8 13. Nb3 e5 14.
Be2 e4 15. Nfd2 Bf8 16. Qa5 Qxa5 17. Nxa5 Bd6 18. a3 f5 19. b4 Nf6 20. Nb1
b6 21. Nc6 Bb7 22. Kd2 Rec8 23. b5 h5 24. Nb4 Kf7 25. Nc3 Rc7 26. Nca2 Rac8
27. Rxc7+ Rxc7 28. Nc3 Ke6 29. Bd1 Bxb4 30. axb4 Bc8 31. Be2 Bd7 32. f3 Kd6
33. Ra1 Be6 34. Nd1 Bf7 35. Nf2 Be6 36. Rc1 Bd7 37. Rh1 Ke7 38. Ra1 Be6 39.
Rc1 Kd8 40. Nd1 exf3 41. gxf3 Rxc1 42. Kxc1 g5 43. Kd2 h4 44. gxh4 gxh4 45.
Nf2 Nh5 46. Bf1 Ng3 47. Bg2 Bd7 48. Nh3 Bxb5 49. Nf4 Nf1+ 50. Bxf1 Bxf1 51.
Ke1 Bc4 52. Kf2 Kd7 53. Ng6 a5 54. bxa5 bxa5 55. Nxh4 a4 56. Ng2 a3 57. Ne1
Bb3 58. Nd3 Ke7 59. Nc1 Bc4 60. Kg3 a2 61. Nxa2 Bxa2 62. Kf4 Kf6 63. e4 Bb3
64. e5+ Kg6 65. Kg3 Kg5 66. f4+ Kh5 67. Kf3 Bd1+ 68. Kg3 Bg4 0-1

[Event "77th ch-city"]
[Site "St Petersburg RUS"]
[Date "2004.04.05"]
[Round "5"]
[White "Solovjov,S"]
[Black "Loginov,Va"]
[Result "0-1"]
[WhiteElo "2426"]
[BlackElo "2516"]
[EventDate "2004.04.01"]

1. e4 c5 2. Nf3 d6 3. d4 cxd4 4. Nxd4 Nf6 5. Nc3 a6 6. Be3 e5 7. Nb3 Be6 8.
f3 Be7 9. Qd2 O-O 10. O-O-O Nbd7 11. g4 b5 12. g5 b4 13. Ne2 Ne8 14. Ng3 a5
15. Kb1 a4 16. Nc1 Qb8 17. Nf5 Bd8 18. Nxd6 b3 19. cxb3 axb3 20. axb3 Ba5
21. Qd3 Nc7 22. h4 Bb4 23. g6 hxg6 24. h5 gxh5 25. Rxh5 Nf6 26. Rxe5 Rd8
27. Bc5 Nfe8 28. Qd4 Rxd6 29. Bxd6 Bxd6 30. Rh5 Nf6 31. Rg5 Be7 32. Bc4
Bxc4 33. Qxc4 Ne6 34. Rb5 Qa7 35. e5 Nh5 36. Qa4 Qxa4 37. bxa4 Rxa4 38. Rd7
Bf8 39. Nd3 Rh4 40. Rb8 Nhf4 41. Nf2 Rh5 42. Rb5 Nc5 43. Rd8 Nfe6 44. Rc8
Rh2 45. b4 Rxf2 46. bxc5 Rxf3 47. c6 Rc3 48. Kb2 Rc4 49. Rd5 Kh7 50. Kb3
Rc5 51. Rxc5 Bxc5 52. Kc4 Bb6 53. Kd5 Kg6 54. Ke4 f5+ 55. exf6 Kxf6 56. Rb8
Bc7 57. Rb1 g5 58. Rf1+ Kg6 59. Kd5 Nf4+ 60. Ke4 Kf6 61. Rf3 Bd6 62. Rf1
Be5 63. Rc1 Bc7 64. Rf1 Kg6 65. Rf2 Nh5 66. Kd5 g4 67. Ke6 g3 68. Ra2 Nf6
69. Ra7 Ne8 70. Kd7 Be5 71. Kxe8 g2 72. c7 Bxc7 73. Ra1 Bb6 74. Kd7 Kf5 75.
Kc6 Bd4 76. Re1 Kf4 77. Kd5 Bf2 78. Ra1 Kf3 79. Kc4 Ke2 80. Ra2+ Kf1 0-1

[Event "77th ch-city"]
[Site "St Petersburg RUS"]
[Date "2004.04.06"]
[Round "6"]
[White "Loginov,Va"]
[Black "Chepukaitis,G"]
[Result "1-0"]
[WhiteElo "2516"]
[BlackElo "2413"]
[EventDate "2004.04.01"]

1. e4 e6 2. d3 d5 3. Nd2 c5 4. Ngf3 Nc6 5. g3 g5 6. Bg2 h6 7. O-O Bg7 8.
exd5 exd5 9. Re1+ Nge7 10. Nb3 b6 11. c3 a5 12. a4 Bf5 13. d4 c4 14. Nbd2
O-O 15. h4 g4 16. Nh2 Qd7 17. b3 cxb3 18. Qxb3 Rfb8 19. Ba3 Be6 20. Nhf1
Nf5 21. Ne3 Nxe3 22. Rxe3 Rc8 23. Rae1 Rab8 24. Rxe6 fxe6 25. Rxe6 Qxe6 26.
Bxd5 Qxd5 27. Qxd5+ Kh8 28. Ne4 Nd8 29. Be7 Nc6 30. Bf6 Bxf6 31. Nxf6 Kg7
32. Nh5+ 1-0

[Event "77th ch-city"]
[Site "St Petersburg RUS"]
[Date "2004.04.06"]
[Round "6"]
[White "Ionov,S"]
[Black "Yemelin,V"]
[Result "1/2-1/2"]
[WhiteElo "2538"]
[BlackElo "2578"]
[EventDate "2004.04.01"]

1. d4 Nf6 2. c4 e6 3. Nf3 b6 4. g3 Bb7 5. Bg2 Be7 6. Nc3 Ne4 7. Qc2 Nxc3 8.
Qxc3 O-O 9. O-O c5 10. Rd1 d6 11. Bf4 Nd7 12. dxc5 Nxc5 13. Nd4 Bxg2 14.
Kxg2 Bf6 15. Be3 Qc7 1/2-1/2

[Event "77th ch-city"]
[Site "St Petersburg RUS"]
[Date "2004.04.06"]
[Round "6"]
[White "Lugovoi,A"]
[Black "Klimov,S"]
[Result "1-0"]
[WhiteElo "2554"]
[BlackElo "2520"]
[EventDate "2004.04.01"]

1. d4 Nf6 2. c4 g6 3. Nc3 d5 4. Nf3 Bg7 5. Qb3 dxc4 6. Qxc4 O-O 7. e4 Bg4
8. Be3 Nfd7 9. Qb3 c5 10. d5 Na6 11. Nd2 e6 12. d6 Bd4 13. Nb5 e5 14. h3
Be6 15. Bc4 Bxc4 16. Nxc4 Qh4 17. O-O Qxe4 18. Rfe1 Qf5 19. Nc7 Rab8 20. a3
Kg7 21. Qb5 Rfd8 22. Bxd4 cxd4 23. Nxe5 Nxe5 24. Rxe5 Qd7 25. Re7 Qxb5 26.
Nxb5 Nc5 27. Rd1 Kf8 28. Rxd4 Ne6 29. Rd3 a6 30. Nc3 b5 31. Ne4 Rxd6 32.
Rxf7+ Kxf7 33. Rxd6 a5 34. Rd7+ 1-0

[Event "77th ch-city"]
[Site "St Petersburg RUS"]
[Date "2004.04.06"]
[Round "6"]
[White "Matlakov,M"]
[Black "Feofanov,D"]
[Result "1-0"]
[WhiteElo "2346"]
[BlackElo "2281"]
[EventDate "2004.04.01"]

1. e4 Nf6 2. Nc3 d5 3. e5 d4 4. exf6 dxc3 5. fxe7 cxd2+ 6. Qxd2 Bxe7 7.
Qxd8+ Bxd8 8. Bf4 Bg4 9. h3 Bh5 10. g4 Bg6 11. Bg2 c6 12. O-O-O O-O 13. Nf3
Bb6 14. Rhe1 Na6 15. Re7 Bxf2 16. Rxb7 Nc5 17. Re7 Ne6 18. Be5 Be3+ 19. Kb1
Rfd8 20. Red7 Rxd7 21. Rxd7 Re8 22. Rd1 f6 23. Bc3 Nf4 24. Bf1 Nd5 25. Bc4
Bf7 26. Bd4 f5 27. gxf5 Re4 28. Bxe3 Rxe3 29. Ng5 Re5 30. Bd3 Ne3 31. Re1
Bd5 32. Kc1 Nc4 33. Rg1 Kh8 34. f6 gxf6 35. Nxh7 f5 36. Nf8 Re3 37. Bxf5
Nd6 38. Bd3 Ne4 39. Ng6+ Kh7 40. Nf4 Rf3 41. Nxd5 cxd5 42. Rg4 1-0

[Event "77th ch-city"]
[Site "St Petersburg RUS"]
[Date "2004.04.07"]
[Round "7"]
[White "Yemelin,V"]
[Black "Matlakov,M"]
[Result "1-0"]
[WhiteElo "2578"]
[BlackElo "2346"]
[EventDate "2004.04.01"]

1. e4 c5 2. Nf3 Nf6 3. e5 Nd5 4. Nc3 Nxc3 5. dxc3 Nc6 6. Bf4 Qc7 7. Qe2 e6
8. O-O-O b6 9. Kb1 Bb7 10. Nd2 Ne7 11. Ne4 Ng6 12. Bg3 Nxe5 13. f4 Nc6 14.
f5 e5 15. Qh5 O-O-O 16. Qxf7 Be7 17. Bc4 h5 18. Qxg7 h4 19. Bf2 Na5 20. Bd5
Bxd5 21. Rxd5 Nc6 22. Qg4 Rhg8 23. Qh3 Qb7 24. f6 Bf8 25. Rhd1 Kb8 26. Bxh4
Rh8 27. Qg4 Nd4 28. Rxe5 d6 29. Rg5 Re8 30. Nd2 Ne6 31. Rg8 Rxg8 32. Qxg8
Qd5 33. a3 Rc8 34. Qg4 Bh6 35. Nc4 Nd4 36. cxd4 Qxc4 37. Bg3 cxd4 38. Bxd6+
Kb7 39. Qe4+ Rc6 40. Rxd4 1-0

[Event "77th ch-city"]
[Site "St Petersburg RUS"]
[Date "2004.04.07"]
[Round "7"]
[White "Klimov,S"]
[Black "Ionov,S"]
[Result "1/2-1/2"]
[WhiteElo "2520"]
[BlackElo "2538"]
[EventDate "2004.04.01"]

1. e4 c5 2. Nf3 Nc6 3. d4 cxd4 4. Nxd4 Nf6 5. Nc3 e5 6. Ndb5 d6 7. Bg5 a6
8. Na3 b5 9. Bxf6 gxf6 10. Nd5 f5 11. c3 Bg7 12. Bd3 Be6 13. Nc2 Bxd5 14.
exd5 Ne7 15. O-O e4 16. Be2 O-O 17. Qd2 Rc8 18. f4 b4 19. Nxb4 Qb6+ 20. Kh1
a5 21. Nc6 Nxc6 22. dxc6 Rxc6 23. a4 Rd8 24. Bb5 Rcc8 25. Rad1 d5 26. Qe2
Qf6 1/2-1/2

[Event "77th ch-city"]
[Site "St Petersburg RUS"]
[Date "2004.04.07"]
[Round "7"]
[White "Solovjov,S"]
[Black "Lugovoi,A"]
[Result "1-0"]
[WhiteElo "2426"]
[BlackElo "2554"]
[EventDate "2004.04.01"]

1. e4 c5 2. Nf3 d6 3. d4 cxd4 4. Nxd4 Nf6 5. Nc3 Nc6 6. Bc4 e6 7. Be3 a6 8.
Qe2 Na5 9. Bd3 b5 10. a3 Bb7 11. g4 d5 12. e5 Nd7 13. f4 Nc4 14. Bxc4 dxc4
15. Rf1 Qa5 16. f5 O-O-O 17. fxe6 Nxe5 18. O-O-O Bxa3 19. Na2 c3 20. Nb3
cxb2+ 21. Kb1 Qc7 22. Bd2 f6 23. Ba5 Rxd1+ 24. Rxd1 Qc4 25. Qe3 Be7 26. Qb6
Qc6 27. Qa7 Nc4 28. Bb4 Qxe6 29. Re1 Ne5 30. Na5 Bd5 31. c4 Bxc4 32. Nxc4
Qxc4 33. Qxe7 Rd8 34. Bc3 Rd1+ 35. Rxd1 Qe4+ 36. Rd3 Qxd3+ 37. Kxb2 Qe2+
38. Kb3 Qd1+ 39. Ka3 Nc4+ 40. Kb4 1-0

[Event "77th ch-city"]
[Site "St Petersburg RUS"]
[Date "2004.04.07"]
[Round "7"]
[White "Chepukaitis,G"]
[Black "Yevseev,D"]
[Result "1/2-1/2"]
[WhiteElo "2413"]
[BlackElo "2580"]
[EventDate "2004.04.01"]

1. d4 d5 2. Nf3 Nf6 3. c4 c6 4. e3 a6 5. a4 e6 6. Nc3 c5 7. Be2 Nc6 8. O-O
Bd6 9. b3 O-O 10. Bb2 cxd4 11. exd4 Re8 12. Re1 Bf8 13. Ne5 dxc4 14. Nxc6
bxc6 15. Bxc4 Nd5 16. Ne4 Bb4 17. Re2 a5 18. Rc1 Ba6 19. g3 Ra7 20. f4 Bxc4
21. bxc4 Nb6 22. c5 Nd5 23. Qd3 h6 24. Rf1 Rd7 25. Qc4 Ree7 26. Nf2 Ra7 27.
Nd3 Qc8 28. Ne5 Qa6 29. Qxa6 Rxa6 30. Rf3 Re8 31. Kf2 Rb8 32. Rd3 Rb7 33.
Kf3 h5 34. h3 Rc7 35. g4 hxg4+ 36. hxg4 Ra8 37. Rh2 f6 38. Nc4 Rd8 39. Re2
Re7 40. Ne3 Nc7 41. Rd1 Kf7 42. Rh1 Nd5 43. Nc4 Rb7 44. Rc2 Rbb8 45. Bc1
Bc3 46. Nd6+ Ke7 47. Rh7 Rg8 48. Re2 Kd7 49. f5 e5 50. dxe5 Bxe5 51. Nc4
Rb3+ 52. Kg2 Bc7 53. Re4 Rc3 54. Bd2 Rc2 55. Kf1 Bd8 56. Ke1 Be7 57. Kd1
Ra2 58. Nb6+ Ke8 59. Nxd5 cxd5 60. Rd4 Kd7 61. Rxd5+ Kc6 62. Rd3 Rxa4 63.
g5 fxg5 64. Bc3 Rf4 65. Bxg7 Rxf5 66. Rh6+ Kxc5 67. Bd4+ Kc4 68. Kc2 Bb4
69. Be3 Rc8 70. Rg6 Kb5+ 71. Kb2 Rh8 72. Rxg5 Rh2+ 73. Kb1 Rxg5 74. Bxg5
Kc4 75. Rf3 a4 76. Bf6 a3 77. Be5 Re2 78. Bf6 Bc5 79. Rc3+ Kb4 80. Rc2 Re6
81. Ba1 Re1+ 1/2-1/2

[Event "77th ch-city"]
[Site "St Petersburg RUS"]
[Date "2004.04.08"]
[Round "8"]
[White "Lugovoi,A"]
[Black "Chepukaitis,G"]
[Result "1-0"]
[WhiteElo "2554"]
[BlackElo "2413"]
[EventDate "2004.04.01"]

1. d4 Nf6 2. c4 e6 3. Nc3 Bb4 4. e3 c5 5. Bd3 Nc6 6. Nge2 d6 7. O-O Bxc3 8.
bxc3 e5 9. e4 h6 10. f4 exd4 11. cxd4 cxd4 12. Rb1 O-O 13. Ng3 Re8 14. h3
b6 15. Rb5 a6 16. Rd5 Nxd5 17. cxd5 Nb4 18. Bb1 a5 19. a3 Na6 20. Bb2 Nc5
21. Bxd4 Ra7 22. Qf3 f6 23. e5 dxe5 24. fxe5 Rxe5 25. Bxe5 fxe5 26. Ne4 Qe8
27. Nxc5 bxc5 28. d6 g6 29. Qd5+ Kg7 30. Qxc5 Rf7 31. Rxf7+ Kxf7 32. Qxa5
Bd7 33. Qd5+ Kf6 34. Be4 Qb8 35. Kh2 Qa7 36. Qg8 Kg5 37. Qxg6+ Kf4 38. Qg3+
1-0

[Event "77th ch-city"]
[Site "St Petersburg RUS"]
[Date "2004.04.08"]
[Round "8"]
[White "Ionov,S"]
[Black "Solovjov,S"]
[Result "1/2-1/2"]
[WhiteElo "2538"]
[BlackElo "2426"]
[EventDate "2004.04.01"]

1. d4 d5 2. c4 c6 3. Nf3 e6 4. e3 Nf6 5. Nbd2 c5 6. dxc5 Bxc5 7. g3 Nc6 8.
b4 Be7 9. Bb2 O-O 10. Qc2 Bd7 11. cxd5 Nxd5 12. Bd3 Rc8 13. Qb1 h6 14. O-O
Bf6 15. Ne4 Bxb2 16. Qxb2 Qe7 17. Nc5 a5 18. Nxd7 Qxd7 19. b5 Nb8 20. Rfd1
1/2-1/2

[Event "77th ch-city"]
[Site "St Petersburg RUS"]
[Date "2004.04.08"]
[Round "8"]
[White "Feofanov,D"]
[Black "Yemelin,V"]
[Result "0-1"]
[WhiteElo "2281"]
[BlackElo "2578"]
[EventDate "2004.04.01"]

1. f4 d5 2. Nf3 Bg4 3. e3 Nd7 4. Be2 Ngf6 5. O-O Bxf3 6. Bxf3 e5 7. d4 exf4
8. exf4 Be7 9. Nc3 Nb6 10. Qd3 O-O 11. f5 c6 12. Bg5 h6 13. Bh4 Nh7 14. Bf2
Ng5 15. Be2 Nc4 16. h4 Nh7 17. Qh3 Bb4 18. Bxc4 dxc4 19. a3 Bxc3 20. Qxc3
Qd5 21. Rae1 Qxf5 22. Re5 Qd7 23. Qxc4 Nf6 24. Rfe1 Rfe8 25. Qe2 Rxe5 26.
dxe5 Re8 27. Bxa7 Ng4 28. Qd1 Rxe5 29. c4 h5 30. Rf1 Qc7 31. Bd4 Re4 32.
Rf3 Qd6 33. Rd3 Rxd4 0-1

[Event "77th ch-city"]
[Site "St Petersburg RUS"]
[Date "2004.04.09"]
[Round "9"]
[White "Solovjov,S"]
[Black "Matlakov,M"]
[Result "1-0"]
[WhiteElo "2426"]
[BlackElo "2346"]
[EventDate "2004.04.01"]

1. e4 c5 2. Nf3 e6 3. d4 cxd4 4. Nxd4 Nf6 5. Nc3 d6 6. g4 a6 7. g5 Nfd7 8.
Be3 b5 9. a3 Nb6 10. Qg4 N8d7 11. f4 Bb7 12. O-O-O Rc8 13. g6 hxg6 14. Nxe6
fxe6 15. Qxg6+ Ke7 16. e5 Qe8 17. exd6+ Kd8 18. Qg5+ Nf6 19. Bxb6+ Kd7 20.
Bg2 Bxg2 21. Qxg2 Rc6 22. Bd4 Qh5 23. Be5 Ng4 24. Qg1 Nxe5 25. Qa7+ Kd8 26.
Qb8+ Kd7 27. Qb7+ Kd8 28. fxe5 1-0

[Event "77th ch-city"]
[Site "St Petersburg RUS"]
[Date "2004.04.10"]
[Round "10"]
[White "Matlakov,M"]
[Black "Chepukaitis,G"]
[Result "1-0"]
[WhiteElo "2346"]
[BlackElo "2413"]
[EventDate "2004.04.01"]

1. e4 e5 2. Bc4 Nf6 3. d3 Bc5 4. Nf3 Nc6 5. O-O d6 6. c3 Bg4 7. h3 Bh5 8.
Nbd2 a6 9. a4 O-O 10. Re1 Kh8 11. Nf1 Nd7 12. Ng3 Bg6 13. a5 Ba7 14. b4 f5
15. exf5 Bxf5 16. Nxf5 Rxf5 17. Bd5 Rb8 18. Ra2 Ne7 19. Be4 Rf6 20. d4 exd4
21. cxd4 h6 22. Rae2 c6 23. Bb1 Nd5 24. Qd3 Nf8 25. Bd2 Qd7 26. Re4 Rd8 27.
Qe2 Bb8 28. Ba2 Ng6 29. Bb1 Nf8 30. h4 Qf7 31. Ba2 Nd7 32. Nh2 Qg8 33. Ng4
Rff8 34. Re6 Rf7 35. Bxd5 cxd5 36. Bxh6 Nf8 37. Re8 Rxe8 38. Qxe8 Ba7 39.
Be3 Ng6 40. Qe6 Ne7 41. Rc1 Nc6 42. Qxd5 Qf8 43. Qh5+ Kg8 44. Qg6 Kh8 45.
d5 Bxe3 46. Nxe3 Na7 47. Ng4 Qe7 48. Rc4 Rf8 49. Qh5+ Kg8 50. Nh6+ 1-0

[Event "77th ch-city"]
[Site "St Petersburg RUS"]
[Date "2004.04.11"]
[Round "11"]
[White "Loginov,Va"]
[Black "Ionov,S"]
[Result "1/2-1/2"]
[WhiteElo "2516"]
[BlackElo "2538"]
[EventDate "2004.04.01"]

1. Nf3 Nf6 2. c4 e6 3. Nc3 d5 4. d4 Be7 5. Bg5 h6 6. Bh4 O-O 7. e3 Ne4 8.
Bxe7 Qxe7 9. Qc2 Nxc3 10. Qxc3 c6 11. Be2 1/2-1/2

[Event "77th ch-city"]
[Site "St Petersburg RUS"]
[Date "2004.04.11"]
[Round "11"]
[White "Yevseev,D"]
[Black "Lugovoi,A"]
[Result "1/2-1/2"]
[WhiteElo "2580"]
[BlackElo "2554"]
[EventDate "2004.04.01"]

1. d4 Nf6 2. c4 e6 3. g3 d5 4. Bg2 Bb4+ 5. Bd2 Be7 6. Nf3 O-O 7. O-O c6 8.
Qc2 b6 9. Rd1 Ba6 10. b3 Nbd7 11. Bf4 Rc8 12. Nc3 h6 13. e4 dxc4 14. Nd2 b5
15. bxc4 bxc4 16. Na4 c5 17. d5 exd5 18. exd5 Nh5 19. Be3 Bf6 20. Rab1 Bd4
21. Ne4 Bxe3 22. fxe3 Qe7 23. Nac3 Nhf6 24. Kh1 Nxe4 25. Nxe4 Nb6 26. a4
Rfd8 27. d6 Qe5 28. Qc3 Qxc3 29. Nxc3 Rb8 30. Kg1 Nd7 31. Rxb8 Rxb8 32. Bh3
Ne5 33. d7 Rd8 34. Rd5 Nd3 35. Rd6 Bb7 36. Nb5 Ne5 37. Kf2 Kf8 38. Nxa7 c3
39. Bf5 g6 40. Bc2 Ke7 41. Nc8+ Bxc8 42. dxc8=Q Rxc8 43. Rd5 Ke6 1/2-1/2